MARC details
| 000 -LEADER |
| campo de control de longitud fija |
01741nam a2200409 i 4500 |
| 001 - NÚMERO DE CONTROL |
| campo de control |
192504 |
| 003 - IDENTIFICADOR DE NÚMERO DE CONTROL |
| campo de control |
ES-MaACL |
| 005 - FECHA Y HORA DE LA ÚLTIMA TRANSACCIÓN |
| campo de control |
20240212174523.0 |
| 008 - DATOS DE LONGITUD FIJA--INFORMACIÓN GENERAL |
| campo de control de longitud fija |
230120s2022 sp c 001 0dspa |
| 017 ## - NÚMERO DE COPYRIGHT O DE DEPÓSITO LEGAL |
| Número de copyright o de depósito legal |
Z 1084-2022 |
| Agencia que asigna |
Oficina Depósito Legal Zaragoza |
| 020 ## - NÚMERO INTERNACIONAL ESTÁNDAR DEL LIBRO |
| Número Internacional Estándar del Libro |
9788413404004 |
| 040 ## - FUENTE DE CATALOGACIÓN |
| Centro/agencia transcriptor |
ES-MaACL |
| 080 ## - NÚMERO DE LA CLASIFICACIÓN DECIMAL UNIVERSAL |
| Número de la Clasificación Decimal Universal |
929 Pérez de Ayala, Ramón (044.2) |
| 080 ## - NÚMERO DE LA CLASIFICACIÓN DECIMAL UNIVERSAL |
| Número de la Clasificación Decimal Universal |
929 Pérez Galdós, Benito (044.2) |
| 080 ## - NÚMERO DE LA CLASIFICACIÓN DECIMAL UNIVERSAL |
| Número de la Clasificación Decimal Universal |
821.134.2 Pérez Galdós, Benito 1.07 |
| 080 ## - NÚMERO DE LA CLASIFICACIÓN DECIMAL UNIVERSAL |
| Número de la Clasificación Decimal Universal |
821.134.2 Pérez de Ayala, Ramón 1.07 |
| 100 1# - ENTRADA PRINCIPAL--NOMBRE DE PERSONA |
| Nombre de persona |
Pérez de Ayala, Ramón, |
| Fechas asociadas al nombre |
1880-1962 |
| 9 (RLIN) |
90763 |
| Término indicativo de función/relación |
Autor |
| 245 10 - MENCIÓN DEL TÍTULO |
| Título |
Auto de fe con Galdós : |
| Resto del título |
ensayos galdosianos, con el epistolario entre los autores / |
| Mención de responsabilidad, etc. |
Ramón Pérez de Ayala ; edición, introducción y notas de Javier Serrano Alonso |
| 250 ## - MENCION DE EDICION |
| Mención de edición |
1ª edición, 2022 |
| 260 ## - PUBLICACIÓN, DISTRIBUCIÓN, ETC. |
| Lugar de publicación, distribución, etc. |
Zaragoza : |
| Nombre del editor, distribuidor, etc. |
Prensas de la Universidad de Zaragoza, |
| Fecha de publicación, distribución, etc. |
2022 |
| 300 ## - DESCRIPCIÓN FÍSICA |
| Extensión |
CLXXXIII, 345 páginas : |
| Otras características físicas |
1 retrato ; |
| Dimensiones |
22 cm |
| 490 1# - MENCIÓN DE SERIE |
| Mención de serie |
Humanidades ; |
| Designación de volumen o secuencia |
176 |
| 500 ## - NOTA GENERAL |
| Nota general |
Índice |
| 504 ## - NOTA DE BIBLIOGRAFÍA, ETC. |
| Nota de bibliografía, etc. |
Bibliografía: páginas [CLV]-CLXXIX. |
| 599 ## - NOTA A LAS ILUSTRACIONES |
| Nota |
Retrato de Benito Pérez Galdós |
| 600 14 - PUNTO DE ACCESO ADICIONAL DE MATERIA--NOMBRE DE PERSONA |
| Nombre de persona |
Pérez Galdós, Benito, |
| Fechas asociadas al nombre |
1843-1920- |
| Subdivisión general |
Crítica e interpretación |
| 9 (RLIN) |
90875 |
| 600 17 - PUNTO DE ACCESO ADICIONAL DE MATERIA--NOMBRE DE PERSONA |
| Nombre de persona |
Pérez de Ayala, Ramón, |
| Fechas asociadas al nombre |
1880-1962- |
| Subdivisión general |
Crítica e interpretación |
| 9 (RLIN) |
138868 |
| 600 17 - PUNTO DE ACCESO ADICIONAL DE MATERIA--NOMBRE DE PERSONA |
| Nombre de persona |
Pérez Galdós, Benito, |
| Fechas asociadas al nombre |
1843-1920- |
| Subdivisión de forma |
Correspondencia |
| 9 (RLIN) |
139477 |
| 600 14 - PUNTO DE ACCESO ADICIONAL DE MATERIA--NOMBRE DE PERSONA |
| Nombre de persona |
Pérez de Ayala, Ramón, |
| Fechas asociadas al nombre |
1880-1962- |
| Subdivisión de forma |
Correspondencia |
| 9 (RLIN) |
176274 |
| 655 #0 - TERMINO DE INDIZACIÓN--GENERO/FORMA |
| 9 (RLIN) |
235124 |
| Datos o término principal de género/forma |
Cartas |
| 700 1# - ENTRADA AGREGADA--NOMBRE PERSONAL |
| Nombre de persona |
Serrano Alonso, Javier, |
| Fechas asociadas al nombre |
1962- |
| Término indicativo de función/relación |
Editor literario |
| 9 (RLIN) |
105728 |
| 710 2# - ENTRADA AGREGADA--NOMBRE DE ENTIDAD CORPORATIVA |
| Nombre de entidad corporativa o nombre de jurisdicción como elemento de entrada |
Universidad de Zaragoza |
| 9 (RLIN) |
7352 |
| Término indicativo de función/relación |
Editor |
| 830 1# - PUNTO DE ACCESO ADICIONAL DE SERIE-TÍTULO UNIFORME |
| Título uniforme |
Humanidades ; |
| Designación de volumen o secuencia |
176 |
| 9 (RLIN) |
179694 |
| 852 4# - LOCALIZACIÓN |
| Ubicación |
ES-MaACL |
| Número de control de estantería |
N-8242 |
| Sublocalización o colección |
R. 153593 |
| Ubicación en estantería |
Depósito J |
| itemnumber |
199798 |
| 942 ## - ELEMENTOS DE ENTRADA SECUNDARIOS (KOHA) |
| Tipo de ítem Koha |
Libro impreso |
| Suprimir en OPAC |
No |